000 00606cam a2200217 a 4500
001 496952
005 20180124035155.0
008 850227s1985 maua b 001 0 eng
010 _a 85005478
020 _a0674195256 (alk. paper)
040 _aDLC
_cDLC
_dDLC
041 _aeng
080 _a658.403 KARN
082 0 0 _a658.403 KARN
_219
100 1 _a53
101 _aMEN
245 1 0 _aDecision making under uncertainty :
_cEdi Karni.
504 _aBibliography: p. 141-143.
906 _a7
_bcbc
_corignew
_d1
_eocip
_f19
_gy-gencatlg
942 _2ddc
_cBK
999 _c40825
_d40825